[Event "European Blitz-ch 2018"]
[Site "Skopje"]
[Date "2018.12.06"]
[Round "10"]
[White "Cheparinov, Ivan"]
[Black "Stanojoski, Zvonko"]
[Result "0-1"]
[WhiteElo "2709"]
[BlackElo "2447"]
[Annotator "TA"]
[PlyCount "40"]
[EventDate "2018.12.06"]
[EventType "swiss"]
[EventCountry "MKD"]

{[%evp 23,40,14,18,22,17,12,17,8,25,25,38,17,22,0,24,-277,-268,-724,-731]} 1. d4 d5 2. Nf3 e6 3. c4 c6 4. Nbd2 Nf6 5. g3 b6 6. Bg2 Be7 7. O-O O-O 8. b3 Bb7 9. Bb2 Re8 10. Qc2 Nbd7 11. e4 c5 12. exd5 exd5 {LiveBook: 3 Games} 13. Rad1 {[#] E09: Closed Catalan: Main Line: 7 Qc2 c6 8 Nbd2} dxc4 $146 ({Predecessor:} 13... Qc7 14. Qf5 Rad8 15. Rfe1 h6 16. Ne5 cxd4 17. Bxd4 Bb4 18. cxd5 Bxd5 19. Bf1 Nxe5 20. Bxe5 Rxe5 21. Qxe5 Qxe5 22. Rxe5 {0-1 (92) Georgiev,K (2655)-Graf,A (2605) Skopje 2002}) 14. Nxc4 Be4 15. Qc1 {The position is equal.} Qc7 16. Rfe1 Bf8 17. dxc5 Bxc5 18. Bd4 {aiming for Bxc5.} Bxf3 19. Rxe8+ $4 {[%mdl 8192] [#]} (19. Bxf3 $11 {and White stays safe.} Rac8 20. Rxe8+ Rxe8 21. Bxc5 Nxc5 22. Nd6) 19... Rxe8 $19 20. Bxc5 $2 (20. Bxf3 Bxd4 21. Rxd4) 20... Bxd1 ({Stronger than} 20... Qxc5 21. Bxf3 Ne5 22. Nxe5 $11) 0-1

[Event "European Blitz-ch 2018"]
[Site "Skopje"]
[Date "2018.12.06"]
[Round "10"]
[White "Mamedov, Rauf"]
[Black "Valsecchi, Alessio"]
[Result "1-0"]
[WhiteElo "2703"]
[BlackElo "2497"]
[Annotator "TA"]
[PlyCount "63"]
[EventDate "2018.12.06"]
[EventType "swiss"]
[EventCountry "MKD"]

{[%evp 17,63,0,5,2,13,0,0,0,56,0,0,0,0,-6,10,0,0,0,46,37,29,32,44,-14,154,155,152,-156,327,318,441,407,442,442,447,445,1023,1016,1033,648,629,600,867,837,825,672,1197,1197]} 1. e4 e5 2. Nf3 Nc6 3. Bc4 Bc5 4. c3 Nf6 5. d3 d6 6. a4 {C54: Giuoco Piano: 4 c3 Nf6, main lines with 5 d4 and 5 d3} (6. Nbd2 a6 7. Bb3 h6 8. Nf1 d5 9. exd5 Nxd5 10. Ng3 O-O 11. O-O Re8 12. Re1 Nf6 13. h3 Be6 14. Bc2 Bd5 15. Nh4 {½-½ (43) Duda,J (2739)-Mamedyarov,S (2820) Batumi 2018}) 6... a5 7. O-O h6 8. Re1 O-O 9. Nbd2 Be6 {LiveBook: 9 Games} 10. b3 $146 ({Predecessor:} 10. h3 Qc8 11. b3 Re8 12. Bb2 d5 13. exd5 {½-½ (13) Hracek,Z (2610)-Predojevic,B (2614) Mali Losinj 2017}) 10... Ne7 11. d4 exd4 12. cxd4 {Hoping for Bxe6.} Ba7 (12... Bb4 $11) 13. Bf1 (13. Ba3 $14) 13... d5 $11 14. e5 Nd7 15. Ba3 c5 16. dxc5 Nxc5 17. Nd4 Nc6 18. Nxc6 ({Much weaker is} 18. Nxe6 fxe6 19. Rc1 Nb4 $15) 18... bxc6 19. Rc1 $36 {[%mdl 2048] Black is under pressure.} Nd7 20. Rxc6 ({White should play} 20. Bxf8 $14 Qb6 21. Nf3 Rxf8 22. Qc2) 20... Re8 $2 (20... Qh4 $11 21. Kh1 Qxf2) 21. Bb5 $16 {[%cal Bf1b5,Bb5d7,Bd7e6][%mdl 32]} Qh4 22. g3 $2 {[#]} (22. Nf3 $16 {and life is bright.} Qxf2+ 23. Kh1) 22... Qd4 $2 {[#]} (22... Bxf2+ $1 $17 {[%mdl 512] stays on course.} 23. Kh1 (23. Kxf2 Qxh2+) 23... Qh3 24. Rxe6 Qxe6) 23. Rxe6 $1 $18 {[%mdl 576] Discovered Attack} Qxf2+ (23... Rxe6 24. Bxd7) 24. Kh1 Rxe6 25. Bxd7 {White is clearly winning.} Rg6 26. Rf1 Qd4 (26... Qe3 $142 27. Nf3 Rd8) 27. Qf3 f6 28. Be6+ Kh8 29. Qxd5 Rd8 30. Qxd4 Rxd4 31. Nc4 Re4 32. Bf5 {[%mdl 64] Double Attack. Accuracy: White = 41%, Black = 18%.} 1-0

[Event "European Blitz-ch 2018"]
[Site "Skopje"]
[Date "2018.12.06"]
[Round "10"]
[White "Ragger, Markus"]
[Black "Artemiev, Vladislav"]
[Result "0-1"]
[WhiteElo "2687"]
[BlackElo "2709"]
[Annotator "TA"]
[PlyCount "94"]
[EventDate "2018.12.06"]
[EventType "swiss"]
[EventCountry "MKD"]

{[%evp 21,94,22,36,14,17,16,51,55,31,37,39,39,41,36,54,41,58,47,50,-41,-34,-36,-27,-47,-38,-30,0,-22,0,-15,-24,-31,0,0,0,0,70,67,71,66,69,60,74,0,47,0,0,-35,-36,-86,-86,-878,-877,-29975,-29976,-29974,-29975,-5510,0,-29990,0,0,0,-29990,-29991,-29992,-29992,-29992,-29993,-29993,-29994,-29994,-29991,-29991,-29987]} 1. e4 c5 2. Nf3 d6 3. d4 cxd4 4. Nxd4 Nf6 5. Nc3 a6 6. g3 g6 7. Bg2 Bg7 8. O-O O-O 9. h3 Nc6 10. Be3 Bd7 11. Nd5 {B91: Sicilian Najdorf: 6 g3} (11. Nde2 Rc8 12. b3 b5 13. Nd5 Be6 14. Qd2 Ne5 15. f4 Ned7 16. Nd4 Nc5 17. Nxe6 Nxe6 18. Rac1 Nc5 19. Nxf6+ Bxf6 {½-½ (98) Grischuk,A (2767)-Nepomniachtchi,I (2751) Moscow 2018}) 11... Rc8 {LiveBook: 17 Games} 12. c3 Ne5 13. Bg5 {The position is equal.} e6 $146 ({Predecessor:} 13... Nxd5 14. exd5 Re8 15. Re1 b5 16. Qb3 h6 17. Be3 Nc4 18. Bc1 Qb6 {0-1 (50) Velickovic,S (2297)-Ciorgovean,I (2158) Arad 2017}) 14. Nxf6+ Bxf6 15. Bxf6 Qxf6 16. Qe2 b5 17. Rfd1 Rfd8 18. Nc2 Bc6 19. Ne3 Qe7 20. a4 (20. Rd4 $14) 20... bxa4 $15 21. Qxa6 Qc7 (21... Rb8 $5 22. Qe2 $8 Qc7 $11) 22. Qe2 Rb8 23. Rd4 Qb7 24. Rb4 Qa7 25. b3 Rxb4 26. cxb4 {With the idea b5.} Qd4 27. Nc2 Qb2 28. bxa4 Ra8 ({Black should try} 28... Rc8 $11 29. Qd1 Bxa4 30. Rxa4 Rxc2 31. Ra8+ Kg7 32. Qxd6 Rxf2 33. Qf8+ Kf6 34. Qd8+ Kg7 35. Qf8+ Kf6 36. Qd8+ Kg7 37. Qf8+) 29. b5 $1 $14 {[%cal Rb5c6]} Bxb5 30. Qxb5 Qxc2 31. a5 $1 Qc3 32. Ra4 (32. Ra2 $1 $16) 32... Qc1+ 33. Kh2 Qc2 34. Kg1 Qd1+ 35. Kh2 {[#]} Rc8 $1 {[%cal Rc8c1] White must now prevent ...Rc1.} 36. a6 $2 {[%mdl 8192]} (36. Ra2 $17 Rc1 {[#]} 37. Qf1 $1 {[%mdl 512]} Qxf1 38. Bxf1 Rxf1 39. a6) 36... Rc1 $19 {[%csl Gc1][%cal Rd1g1]} 37. Bf1 Nf3+ ({Not} 37... Qf3 38. Qe2 $16) 38. Kg2 Ne1+ (38... Nd4 $2 39. Rxd4 Qxd4 40. Qe2 $19) 39. Kh2 Qc2 $2 (39... Rc2 $19 {( -> ...Qf3)} 40. Ra2 Rxa2) 40. Kg1 $2 {[%mdl 8192]} (40. Be2 $11) 40... Nf3+ 41. Kg2 {Threatens to win with Ra3.} Ne1+ $40 {[%mdl 128] Black has some attack.} 42. Kg1 {Ra3 is the strong threat.} Nd3 $1 {Black mates.} 43. Qb6 Qd1 44. Kg2 Qxf1+ 45. Kf3 Qd1+ 46. Ke3 Qxa4 47. a7 Ra1 {Accuracy: White = 47%, Black = 60%.} 0-1

[Event "European Blitz-ch 2018"]
[Site "Skopje"]
[Date "2018.12.06"]
[Round "10"]
[White "Fridman, Daniel"]
[Black "Anton Guijarro, David"]
[Result "1-0"]
[WhiteElo "2633"]
[BlackElo "2642"]
[PlyCount "69"]
[EventDate "2018.12.06"]
[EventType "swiss"]
[EventCountry "MKD"]

{[%evp 18,69,18,2,52,44,68,36,77,53,72,47,55,33,108,96,102,61,104,90,159,118,119,56,159,154,161,165,237,231,363,379,365,238,261,267,280,275,293,291,296,298,389,335,493,483,507,504,754,752,1437,1389,1467,946]} 1. Nf3 Nf6 2. c4 e6 3. g3 d5 4. Bg2 Be7 5. O-O O-O 6. d4 Nbd7 7. Qc2 c6 8. Rd1 b6 9. b3 Ba6 10. Nbd2 {LiveBook: 272 Games} Qc7 {E09: Closed Catalan: Main Line: 7 Qc2 c6 8 Nbd2} (10... b5 11. c5 b4 12. Re1 Bb5 13. e4 Nxe4 14. Nxe4 dxe4 15. Qxe4 a5 16. Qc2 Nf6 17. a4 bxa3 18. Rxa3 {1-0 (55) Gelfand,B (2695)-Bologan,V (2610) Poikovsky 2018}) 11. e4 Rfc8 $146 ({Predecessor:} 11... Rac8 12. e5 Ne8 13. h4 dxc4 14. bxc4 c5 15. Ba3 b5 16. cxb5 Bxb5 17. Qb2 Qb6 18. Nb3 Nc7 19. dxc5 Nxc5 20. Bxc5 Bxc5 21. Nxc5 Qxc5 {1-0 (35) Brandao,R (2096)-Rodrigues,F (1902) Sao Paulo 2012}) 12. Bb2 Rab8 {White is slightly better.} 13. Rac1 Qd8 14. Bh3 Bb7 15. Qd3 c5 (15... dxe4 $14 16. Nxe4 h6) 16. exd5 exd5 17. cxd5 Bxd5 {[#]} 18. Ne5 $1 Rc7 (18... Be6 $142 19. Bxe6 Nxe5) 19. Nxd7 Nxd7 20. Nf1 (20. dxc5 $16 Nxc5 21. Qb1) 20... Bb7 ({Black should try} 20... Bf6 $1 $14) 21. dxc5 $16 Nxc5 22. Qe3 $36 {[%mdl 2048] White is in control.} Qf8 (22... Qe8 $142) 23. Be5 $18 Rcc8 (23... Bg5 $142 24. Qxg5 f6 25. Bxf6 (25. Bxc7 fxg5 26. Ne3 Re8 $15) (25. Rxc5 $2 Rxc5 {[%mdl 64] Pin} 26. Qd2 Rxe5 $19) 25... Qxf6 26. Qxf6 gxf6) 24. Bxb8 Rxb8 25. Bg2 Bxg2 26. Kxg2 a5 27. Qf3 Bg5 28. Rc4 Re8 29. h4 Bh6 30. Nh2 f5 (30... g6 $142 31. Qc6 Re6) 31. Qd5+ {White is clearly winning.} Kh8 32. Qd6 Qf7 33. Qxb6 Ne4 34. Rd8 g6 35. Rcc8 {Accuracy: White = 70%, Black = 11%.} 1-0

[Event "European Blitz-ch 2018"]
[Site "Skopje"]
[Date "2018.12.06"]
[Round "10"]
[White "Salgado Lopez, Ivan"]
[Black "Santos Ruiz, Miguel"]
[Result "1/2-1/2"]
[WhiteElo "2629"]
[BlackElo "2523"]
[Annotator "TA"]
[PlyCount "52"]
[EventDate "2018.12.06"]
[EventType "swiss"]
[EventCountry "MKD"]

{[%evp 18,52,-8,-3,27,-14,-10,-7,0,-17,-4,-15,-15,-18,0,-11,-7,-11,-10,-14,15,-14,0,0,0,0,0,-23,0,0,0,0,0,0,0,0,0]} 1. c4 b6 2. Nc3 c5 3. Nf3 Bb7 4. e3 g6 5. b3 Bg7 6. Bb2 Nf6 7. Be2 O-O 8. O-O d5 {A30: Symmetrical English: Double Fianchetto and Hedgehog} 9. Nxd5 $146 (9. cxd5 Nxd5 10. Rc1 Nc6 11. Qc2 Ndb4 12. Qb1 Ba6 13. Bxa6 Nxa6 14. d4 cxd4 15. Nb5 Qd5 16. Nbxd4 Nxd4 17. Bxd4 {0-1 (67) Karjakin,S (2773)-So,W (2780) Saint Louis 2018}) 9... Nxd5 10. Bxg7 {LiveBook: 11 Games} Nxe3 11. dxe3 Kxg7 12. Qc2 Nd7 13. a3 Qc7 14. Rfd1 Rfd8 15. b4 Nf6 16. b5 a6 17. a4 a5 18. Qb2 Kg8 19. Ne5 Rxd1+ 20. Rxd1 Rd8 21. Rxd8+ Qxd8 22. Bf3 Bxf3 23. gxf3 {The position is equal.} Qd1+ 24. Kg2 Nd7 ({Much worse is} 24... Qxa4 25. Qd2 $14) 25. Nxd7 Qxd7 26. Qe5 {[#] Qb8+ is the strong threat.} Qd6 {Accuracy: White = 32%, Black = 55%.} 1/2-1/2

[Event "European Blitz-ch 2018"]
[Site "Skopje"]
[Date "2018.12.06"]
[Round "10"]
[White "Van Foreest, Jorden"]
[Black "Kevlishvili, Robby"]
[Result "1/2-1/2"]
[WhiteElo "2614"]
[BlackElo "2451"]
[Annotator "TA"]
[PlyCount "154"]
[EventDate "2018.12.06"]
[EventType "swiss"]
[EventCountry "MKD"]

{[%evp 9,154,0,18,2,9,0,14,-22,-12,-34,-22,-21,-26,-26,-18,-45,-36,-64,-40,-34,-10,-39,-33,-69,-33,-55,-53,-60,-56,-58,-56,-72,-36,-62,-54,-56,-58,-58,-58,-60,-50,-59,-44,-48,-51,-58,-52,-75,-22,-54,-42,-40,-27,-33,-21,-31,-36,-119,-112,-117,-117,-117,-110,-104,-117,-138,-95,-98,-96,-131,-123,-126,-111,-118,-98,-126,-141,-145,-145,-137,-139,-133,-115,-289,-288,-314,-314,-313,-304,-267,-263,-195,-189,-189,-187,-179,-27,-27,-27,-606,-602,-558,-582,-1053,-1048,-1038,-1034,-851,-628,-1642,-809,-780,-792,-781,-778,-776,-760,-752,-647,-620,-608,-571,-523,-408,-16,-16,-16,-16,-16,-16,-14,-16,-16,-14,0,-8,0,-8,-8,-8,-8,-8,-8,-8,-8,-8,-8]} 1. d4 d5 2. Bf4 c5 3. e3 cxd4 4. exd4 Nc6 5. c3 f6 {LiveBook: 4 Games} (5... Nf6 6. Bd3 Bg4 7. Qb3 Qc8 8. Nd2 e6 9. Ngf3 Bh5 10. O-O Be7 11. Rae1 a6 12. Qc2 Bg6 13. Ne5 Nxd4 14. Qa4+ Nc6 15. Nxg6 hxg6 16. Nf3 b5 17. Qd1 Qd7 18. a4 bxa4 19. Qxa4 {1-0 (84) Nakamura,H (2780)-Topalov,V (2749) Saint Louis 2017}) 6. Nf3 {B13: Caro-Kann: Exchange Variation and Panov-Botvinnik Attack} g5 7. Be3 $146 ({But not} 7. Nxg5 fxg5 8. Qh5+ Kd7 $17) ({Predecessor:} 7. Bg3 Bf5 8. Bd3 e6 9. h4 Bxd3 10. Qxd3 g4 11. Nh2 f5 12. f3 h5 13. Qe2 {0-1 (33) Fehr,A (2081)-Kuipers,S (2411) Hoogeveen 2017}) 7... Bf5 8. Nbd2 Qd7 9. Nb3 e6 10. Bd3 Bxd3 11. Qxd3 Bd6 12. a3 Nge7 13. c4 dxc4 14. Qxc4 Nd5 15. O-O b6 16. Rac1 Rc8 17. Nfd2 Nce7 18. Qe2 Kf7 19. Ne4 Rxc1 20. Rxc1 Ng6 21. Qb5 Rd8 ({Wrong is} 21... Bxh2+ $2 22. Kxh2 Qxb5 23. Nd6+ Ke7 24. Nxb5 $18) 22. Qxd7+ Rxd7 23. g3 Nge7 24. Bd2 Bb8 25. Kf1 h6 26. Ke2 Rd8 27. Rc2 Nf5 28. Nc3 Nxc3+ (28... Nde7 $17) 29. Bxc3 Ne7 30. Bd2 Nd5 31. Nc1 Kg6 32. Nd3 Ne7 33. Bb4 (33. Rc4 $15) 33... Nf5 $17 34. Bc3 Rxd4 35. Nb4 {intending Nc6.} Rd7 36. Nc6 Bd6 37. Rd2 {White wants to play g4.} Kf7 38. g4 Ne7 39. Nxa7 Nd5 ({Resist} 39... Rxa7 40. Rxd6 Nd5 41. Rc6 $11) 40. Nb5 Bxh2 41. Bd4 Kg6 42. Rc2 e5 43. Be3 h5 44. gxh5+ Kxh5 45. Rc6 f5 46. Bxb6 $2 {[#]} (46. Nd6 $17) 46... Rb7 $19 47. Nd6 Rxb6 48. Rxb6 Nxb6 49. Nxf5 Nc4 50. a4 Kg6 51. Ne7+ Kf7 52. Nc6 Nxb2 $2 ({Better is} 52... Ke8 $19 53. b3 Nd6) 53. a5 $11 Na4 {White must now prevent ...Ke6.} 54. Kd3 $2 {[%mdl 8192]} (54. a6 $11) 54... Nc5+ $19 55. Kc4 Na6 56. Kd5 Kf6 57. Ke4 Bf4 58. Kd5 Bd2 59. Kc4 Nc7 60. Kd3 Be1 61. Ke2 Bc3 62. Kd3 Bb2 63. Ke4 Ke6 64. Nd8+ Ke7 65. Nc6+ Kd6 66. Nd8 {[#]} Bc3 $2 ({Black should play} 66... g4 $1 $19 {...Na6 is the strong threat.} 67. Nf7+ Ke6) 67. Nf7+ $11 {The position is equal.} Ke7 68. Nxg5 Kf6 69. Nf3 Ne6 (69... Ke6 $5) 70. Nh2 Nc5+ 71. Kd5 Nd3 72. Ng4+ Kf5 73. a6 Nb4+ 74. Kc4 Bd4 (74... Nxa6 $5 75. Ne3+ $8 Kg5 76. Kxc3 Nc5 $11) 75. Nxe5 Kxe5 76. Kxb4 Bxf2 77. a7 Bxa7 {Accuracy: White = 40%, Black = 53%.} 1/2-1/2

[Event "European Blitz-ch 2018"]
[Site "Skopje"]
[Date "2018.12.06"]
[Round "10"]
[White "Georgiev, Kiril"]
[Black "Lobanov, Sergei"]
[Result "0-1"]
[WhiteElo "2595"]
[BlackElo "2526"]
[Annotator "TA"]
[PlyCount "76"]
[EventDate "2018.12.06"]
[EventType "swiss"]
[EventCountry "MKD"]

{[%evp 21,76,9,20,14,15,0,0,-16,35,22,20,3,31,2,24,0,8,14,16,12,44,4,35,20,57,59,60,57,47,55,95,93,129,159,173,173,170,83,77,89,89,0,0,-160,-177,-231,-221,-474,-433,-530,-531,-946,-536,-1760,-1725,-2620,-2306]} 1. c4 e5 2. Nc3 Nc6 3. Nf3 Nf6 4. g3 d5 5. cxd5 Nxd5 6. Bg2 Nb6 7. O-O Be7 8. Rb1 O-O 9. b4 a6 10. a3 {A29: English Opening: Four Knights Variation with 4 g3} Re8 11. d3 Bf8 {LiveBook: 23 Games} 12. Nd2 {The position is equal.} Nd4 13. e3 Nb5 14. Qc2 c6 (14... Nxc3 $11 15. Qxc3 c6) 15. Bb2 {[#]} Bg4 $146 ({Predecessor:} 15... Bf5 16. Nde4 Qd7 17. Rfd1 Rad8 18. Na4 Nxa4 19. Qxa4 Bh3 20. Bh1 {0-1 (56) Carneiro,V (2426)-El Debs,F (2523) Rio de Janeiro 2017}) 16. Nde4 Qc8 17. Rfe1 Bh3 18. Bh1 h6 19. Nc5 Nxc3 20. Bxc3 Nd7 21. Ne4 {[%cal Bc5e4,Be4d2,Bd2c4,Bc4a5][%mdl 32]} f5 22. Nd2 Nf6 23. Nc4 $36 {[%mdl 2048] Black is under pressure.} Qc7 24. Qb2 {[%cal Rc4e5]} Nd7 25. a4 b5 26. Na5 Kh7 27. Bxc6 Rac8 28. axb5 axb5 29. Rbc1 (29. Bxb5 $18 {Threatens to win with Bc6.} Qd6 30. Qb3) 29... Qd6 $16 30. Bh1 Nb6 {[%cal Bd7b6,Bb6d5,Bd5b4,Bb4d3][%mdl 32]} 31. Qe2 ({Better is} 31. Qb1 $16) 31... Nd5 $11 32. Ba1 $2 {[#]} (32. Bd2 $11) 32... Nxb4 $17 33. d4 (33. Rc3 $142) 33... e4 34. Qxb5 $2 (34. Nb7 {keeps fighting.} Qe6 35. Nc5 Bxc5 36. dxc5) 34... Nd3 $19 {Black is clearly winning.} 35. Rxc8 Rxc8 {[%cal Be8c8,Bc8c2,Bc2b2][%mdl 32]} 36. Rb1 Rc2 {[#] White must now prevent ...Qa3.} 37. Qb3 Qc7 {( -> ...Rc1+)} 38. Bb2 Rxb2 {Accuracy: White = 27%, Black = 36%.} 0-1

[Event "European Blitz-ch 2018"]
[Site "Skopje"]
[Date "2018.12.06"]
[Round "10"]
[White "Esipenko, Andrey"]
[Black "Radovanovic, Nikola"]
[Result "0-1"]
[WhiteElo "2593"]
[BlackElo "2418"]
[PlyCount "63"]
[EventDate "2018.12.06"]
[EventType "swiss"]
[EventCountry "MKD"]

{[%evp 14,63,8,5,31,22,27,26,28,28,43,30,30,30,123,124,125,124,243,239,237,250,229,191,406,406,393,385,406,387,409,422,414,368,491,440,547,474,2740,691,1889,1616,1618,1477,1485,1468,1457,1372,29985,991,1864,902]} 1. d4 Nf6 2. Bf4 g6 3. Nc3 d5 (3... c5 4. dxc5 Qa5 5. a3 Qxc5 6. e4 Bg7 7. Nf3 d6 8. h3 O-O 9. Qd2 b6 10. O-O-O Bb7 11. Be3 {1-0 (48) Nabaty,T (2692)-Almasi,Z (2702) Batumi 2018}) 4. e3 Bg7 5. h4 h6 6. Nf3 {A45: Trompowsky Attack} c6 7. Be2 Nbd7 8. Ne5 {LiveBook: 3 Games. The position is equal.} Nxe5 9. Bxe5 O-O 10. Qd2 Ne4 $146 ({Predecessor:} 10... Ne8 11. Bxg7 Kxg7 12. e4 dxe4 13. Nxe4 Nd6 14. Ng3 Nf5 15. O-O-O Qd5 16. c4 {½-½ (46) Jussupow,A (2583)-Zinchenko,Y (2491) Warsaw 2007}) 11. Nxe4 {[#] Threatens to win with Bxg7.} Bxe5 12. dxe5 {Nc3 is the strong threat.} dxe4 13. O-O-O $36 {[%mdl 2048] White has good play.} Be6 (13... Qxd2+ $11 14. Rxd2 Bf5) 14. Qb4 $16 Qb6 15. Qxe4 Bxa2 {[#]} (15... Qc5 $16) 16. b3 $1 $18 Bxb3 17. cxb3 Qxb3 18. Qc2 Qb6 $2 (18... Qa3+ {was necessary.} 19. Qb2 Qc5+ 20. Kb1 Rfd8) 19. e6 f5 20. h5 g5 21. Rd7 Qa5 22. Kb2 Qe5+ 23. Kb1 Rfe8 24. g4 a5 25. Qxf5 Qc3 (25... Qxf5+ $142 26. gxf5 Kg7) 26. Qg6+ (26. Rd4 $142 Qb3+ 27. Kc1 Qa3+ 28. Kd2 Qb2+ 29. Ke1 Qc1+ 30. Bd1) 26... Kh8 27. Qxh6+ Kg8 28. Qxg5+ Kh8 29. Qh6+ Kg8 30. Qg6+ Kh8 31. Qc2 (31. Bd3 $142 Qb3+ 32. Kc1 Qc3+ 33. Bc2 Qa1+ 34. Kd2 Qg7 35. Qf5 Qh6 36. g5) 31... Qb4+ 32. Qb2+ {[%mdl 32768] Accuracy: White = 73%, Black = 16%. . Loss on time!?} 0-1

[Event "European Blitz-ch 2018"]
[Site "Skopje"]
[Date "2018.12.06"]
[Round "10"]
[White "Stevic, Hrvoje"]
[Black "Marjanovic, Dejan"]
[Result "1-0"]
[WhiteElo "2587"]
[BlackElo "2400"]
[Annotator "TA"]
[PlyCount "38"]
[EventDate "2018.12.06"]
[EventType "swiss"]
[EventCountry "MKD"]

{[%evp 14,38,0,0,60,27,35,39,45,20,77,74,93,84,78,64,70,63,129,127,387,359,536,516,560,543,581]} 1. e4 c5 2. c3 Nf6 3. e5 Nd5 4. Nf3 e6 5. Bc4 d6 6. d4 cxd4 7. cxd4 Be7 8. O-O {LiveBook: 429 Games. B22: Sicilian: 2 c3} Bd7 (8... O-O $11) (8... O-O 9. Qe2 Nc6 10. Rd1 Na5 11. Bxd5 exd5 12. Nc3 Be6 13. Bf4 a6 14. h3 Re8 15. exd6 Bxd6 16. Bxd6 Qxd6 17. Qe5 Nc4 18. Qxd6 Nxd6 {½-½ (32) Nisipeanu,L (2672)-Grischuk,A (2785) Heraklio 2017}) 9. Bxd5 exd5 10. exd6 {White is slightly better.} Bxd6 11. Re1+ Be7 (11... Be6 $1 $11) 12. Qb3 Nc6 $146 ({Predecessor:} 12... O-O 13. Qxb7 Nc6 14. Nc3 Rb8 15. Qa6 Rb6 {1-0 (28) Stevic,H (2530)-Jankovic,A (2273) Bizovac 2002}) 13. Bg5 O-O 14. Bxe7 ({Reject} 14. Qxd5 $6 Bxg5 15. Nxg5 Nb4 $15) 14... Nxe7 15. Qxb7 Rb8 (15... Nc6 $14) 16. Qxa7 $16 Rxb2 $2 {[%mdl 8192] [#]} (16... Ng6 $16) 17. Qa3 $1 $18 {[%cal Ra3b2]} Qb8 (17... Rxb1 $142 18. Raxb1 Be6) 18. Qxe7 Bg4 19. Nbd2 Bc8 {Precision: White = 81%, Black = 14%.} 1-0

[Event "European Blitz-ch 2018"]
[Site "Skopje"]
[Date "2018.12.06"]
[Round "10"]
[White "Stocek, Jiri"]
[Black "Banikas, Hristos"]
[Result "0-1"]
[WhiteElo "2576"]
[BlackElo "2601"]
[Annotator "TA"]
[PlyCount "77"]
[EventDate "2018.12.06"]
[EventType "swiss"]
[EventCountry "MKD"]

{[%evp 19,77,0,0,-18,-16,-20,0,2,22,7,24,0,6,-48,-14,-46,-16,-44,0,-23,-16,-23,0,0,14,14,14,14,14,10,13,14,20,25,12,0,-11,-28,-35,-88,-29,-27,-21,-22,-20,-16,0,0,0,-1,-14,-26,-22,-32,-37,-138,-142,-75,-60,-122]} 1. d4 Nf6 2. Nf3 e6 3. Bf4 c5 4. e3 Nc6 5. c3 Nh5 (5... d5 6. Nbd2 Be7 7. Bd3 O-O 8. h3 c4 9. Bb1 b5 10. e4 dxe4 11. Nxe4 Bb7 12. Qe2 Rc8 13. O-O Nd5 14. Bg5 h6 15. Bxe7 Ncxe7 16. Nc5 Ba8 {½-½ (25) Esipenko,A (2587)-Bai,J (2579) Qinhuangdao 2018}) 6. Bg5 {A46: 1 d4 Nf6 2 Nf3 e6: Torre, London and Colle Systems} Qb6 7. Qc2 h6 8. Bh4 g5 9. Bg3 Nxg3 10. hxg3 Bg7 {LiveBook: 4 Games} 11. Nbd2 {next Nc4 is good for White.} d5 12. Nb3 cxd4 13. exd4 Qc7 $146 14. Bd3 b6 15. a3 Bd7 16. Rc1 (16. O-O-O $11) 16... a5 17. Qd1 Qd6 18. Nbd2 Rc8 19. Nf1 g4 20. Ng1 {[%cal Bf3g1,Bg1e2,Be2d4][%mdl 32]} e5 21. dxe5 Nxe5 22. Ne2 {[#]} d4 $1 {[%mdl 512] ...dxc3 is the strong threat.} 23. Ba6 (23. cxd4 Rxc1) 23... Ra8 24. cxd4 {White wants to play Bb7.} Rxa6 25. dxe5 Qxd1+ 26. Rxd1 Bxe5 27. Nd4 b5 28. Ne3 Rd6 29. Nef5 {[#]} (29. Nb3 $15) 29... Bxf5 ({Better is} 29... Rd5 $1 $17 {Threatens to win with ...Bf6.} 30. O-O Bf6 31. Nxb5 Rxf5 32. Nd6+ {[%mdl 64] Double Attack} Ke7 33. Nxf5+ Bxf5) 30. Nxf5 $11 Rxd1+ 31. Kxd1 Bxb2 $17 {[%mdl 4096] Endgame KRB-KRN} 32. Nd6+ Kd7 33. Nxb5 a4 34. Kc2 Be5 35. Rd1+ Ke6 {White must now prevent ...Rc8+.} 36. Nd4+ Kf6 {And now ...Rc8+ would win.} 37. Ne2 (37. Rd3 $15) 37... Rc8+ 38. Kd3 ({White should play} 38. Kb1) 38... Rb8 39. Ke4 {Accuracy: White = 21%, Black = 59%.} (39. Rc1 $15) 0-1